Church building sourcebook 2 (Record no. 9070)

000 -LEADER
fixed length control field 00894nam a2200229 a 4500
001 - CONTROL NUMBER
control field :::00006851$&:&@@
003 - CONTROL NUMBER IDENTIFIER
control field OkBaRHE
005 - DATE AND TIME OF LATEST TRANSACTION
control field 20110504123802.0
008 - FIXED-LENGTH DATA ELEMENTS--GENERAL INFORMATION
fixed length control field s1982 j 000 0 eng u
020 ## - INTERNATIONAL STANDARD BOOK NUMBER
International Standard Book Number 0834107597 (loose-leaf)
040 ## - CATALOGING SOURCE
Transcribing agency
245 10 - TITLE STATEMENT
Title Church building sourcebook 2
Statement of responsibility, etc C. Ray Bowman, editorial coordinator.
250 ## - EDITION STATEMENT
Edition statement 2nd ed.
260 ## - PUBLICATION, DISTRIBUTION, ETC. (IMPRINT)
Place of publication, distribution, etc Kansas City, Mo.
Name of publisher, distributor, etc Beacon Hill Press of Kansas City
Date of publication, distribution, etc c1982
300 ## - PHYSICAL DESCRIPTION
Extent 1 v. (loose-leaf) : ill. ;
Dimensions 30 cm.
650 ## - SUBJECT ADDED ENTRY--TOPICAL TERM
Topical term or geographic name as entry element Church facilities
General subdivision Planning
-- Handbooks, manuals, etc.
700 ## - ADDED ENTRY--PERSONAL NAME
Personal name Association of Nazarene Building Professionals.
700 ## - ADDED ENTRY--PERSONAL NAME
Personal name Bowman, C. Ray.
700 ## - ADDED ENTRY--PERSONAL NAME
Personal name Church of the Nazarene. Church Extension Ministries.
942 ## - ADDED ENTRY ELEMENTS (KOHA)
Source of classification or shelving scheme
Koha item type Books
Copies
Damaged status Current Location Not for loan Withdrawn status Date acquired Permanent Location Source of classification or shelving scheme Price effective from Date last seen Total Checkouts Copy number Lost status Full call number Shelving location Barcode Total Renewals Date checked out Koha item type
 RHEMA Bible Training College  2010-04-14RHEMA Bible Training College 2010-04-142011-05-0411 BV 604 .C48 1982General Stacks685112011-04-05Books